Llengües catalana i castellana : 106 exercicis de gramàtica : curs... 106 exercicis de gramàtica :
Publicado:
Barcelona :
Diputació de Barcelona. Àrea d'Educació. Centre de Formació d'Adults Can Batlló ,
2008
Descripción Física:
67 p. ; 30 cm
MARC
| LEADER | 00000nam a2200000Ia 4500 | ||
|---|---|---|---|
| 001 | 20657, 22156 | ||
| 008 | 160829s2008 xx 000 0 cat d | ||
| 080 | |a E-1-305, E-1-357 | ||
| 245 | |a Llengües catalana i castellana : |b 106 exercicis de gramàtica : |b curs... | ||
| 260 | |a Barcelona : |b Diputació de Barcelona. Àrea d'Educació. Centre de Formació d'Adults Can Batlló, |c 2008 | ||
| 300 | |a 67 p. ; |c 30 cm | ||
| 590 | |a Preparació per a la prova d'accés a la universitat per a més grans de 25 anys. Prova comuna opció ciències socials\art | ||
| 650 | |a Català |x Gramàtica |x Problemes, exercicis, etc. |9 39540 | ||
| 650 | |a Castellà |x Gramàtica |x Problemes, exercicis, etc. |9 39541 | ||
| 710 | |a Barcelona (Catalunya : Província). |b Àrea d'Educació |9 8009 | ||
| 710 | 2 | |a Centre de Formació d'Adults Can Batlló |9 55011 | |
| 866 | |a 2008 - 2009, 2009 - 2010 | ||
| 901 | |a Arxiu | ||
| 942 | |n 1 | ||
| 952 | |0 0 |1 0 |4 0 |6 E1305_E1357 |7 1 |9 49066 |a Arxiu |b Arxiu |d 2016-12-01 |l 0 |o E-1-305, E-1-357 |p 20657, 22156 |r 2016-12-01 00:00:00 |w 2016-12-01 |y ARXIU | ||
| 999 | |c 52903 |d 52903 | ||